MARC details
| 000 -CABECERA |
| campo de control de longitud fija |
01721nam a22002777a 4500 |
| 003 - IDENTIFICADOR DEL NÚMERO DE CONTROL |
| campo de control |
DO-SdBNP |
| 005 - FECHA Y HORA DE LA ÚLTIMA TRANSACCIÓN |
| campo de control |
20220519123118.0 |
| 007 - CAMPO FIJO DE DESCRIPCIÓN FÍSICA--INFORMACIÓN GENERAL |
| campo de control de longitud fija |
ta |
| 008 - DATOS DE LONGITUD FIJA--INFORMACIÓN GENERAL |
| campo de control de longitud fija |
210913e2017 dr ad||er|||| 001 0dspa d |
| 020 ## - NÚMERO INTERNACIONAL ESTÁNDAR DEL LIBRO |
| Número Internacional Estándar del Libro |
9789945580402 |
| 040 ## - FUENTE DE LA CATALOGACIÓN |
| Centro catalogador/agencia de origen |
DO-SdBNP |
| Lengua de catalogación |
spa |
| Centro/agencia transcriptor |
BNPHU |
| 082 #4 - NÚMERO DE LA CLASIFICACIÓN DECIMAL DEWEY |
| Número de edición |
22 |
| Número de documento/Ítem |
H557u |
| 100 1# - ENTRADA PRINCIPAL--NOMBRE DE PERSONA |
| Nombre de persona |
Ángel Enrique Hernández Castillo, |
| Fechas asociadas al nombre |
1953- |
| 9 (RLIN) |
79855 |
| 245 10 - MENCIÓN DE TÍTULO |
| Título |
UAPA : |
| Resto del título |
una experiencia innovadora en la educación superior dominicana / |
| Mención de responsabilidad, etc. |
Angel Hernández; Lennys Tejada Betancourt, ed. |
| 260 ## - PUBLICACIÓN, DISTRIBUCIÓN, ETC. |
| Lugar de publicación, distribución, etc. |
Santiago de los Caballeros, República Dominicana : |
| Nombre del editor, distribuidor, etc. |
UAPA, |
| Fecha de publicación, distribución, etc. |
2017 |
| 300 ## - DESCRIPCIÓN FÍSICA |
| Extensión |
210 p.: |
| Otras características físicas |
il., fotogr., gráf.; |
| Dimensiones |
22 cm |
| 500 ## - NOTA GENERAL |
| Nota general |
Incluye biografía del autor en la cubierta posterior. |
| 504 ## - NOTA DE BIBLIOGRAFÍA, ETC. |
| Nota de bibliografía, etc. |
Bibliografía 207-2010. |
| 505 ## - NOTA DE CONTENIDO CON FORMATO |
| Título |
1. Breve reseña de la educación superior dominicana. Su origen y evolución.-- |
| -- |
Contexto en que surge la UAPA .-- |
| -- |
Importancia de la planificación, la evaluación institucional, y la investigación para decidir políticas.-- |
| -- |
Formación de docentes y directivos.-- |
| -- |
La investigación científica en UAPA.-- |
| -- |
El modelo educativo por competencias centrado en el aprendizaje, MECCA.-- |
| -- |
Evaluación de los aprendizajes.-- |
| -- |
Proceso de virtualización.-- |
| -- |
Planes de estudios y sus reformas.-- |
| -- |
Desarrollo de la infraestructura física y tecnológica.-- |
| -- |
Internacionalización de la Universidad.-- |
| -- |
El postgrado en UAPA.-- |
| -- |
Primeros participantes. |
| -- |
Conclusión.-- |
| -- |
Bibliografía. |
| 590 ## - NOTA LOCAL (RLIN) |
| Nota local |
Inventariado 2021 / MF |
| 650 ## - PUNTO DE ACCESO ADICIONAL DE MATERIA--TÉRMINO DE MATERIA |
| Término de materia o nombre geográfico como elemento de entrada |
Educación superior |
| Subdivisión geográfica |
República Dominicana |
| 9 (RLIN) |
79858 |
| 700 12 - PUNTO DE ACCESO ADICIONAL--NOMBRE DE PERSONA |
| 9 (RLIN) |
78873 |
| Nombre de persona |
Tejada Betancourt , Lennys G |
| Término indicativo de función/relación |
ed. |
| 710 2# - PUNTO DE ACCESO ADICIONAL--NOMBRE DE ENTIDAD CORPORATIVA |
| 9 (RLIN) |
38537 |
| Nombre de entidad corporativa o nombre de jurisdicción como elemento de entrada |
Universidad Nacional a Distancia, UAPA |
| 830 ## - PUNTO DE ACCESO ADICIONAL DE SERIE-TÍTULO UNIFORME |
| Título uniforme |
Universidad Nacional a Distancia |
| 9 (RLIN) |
79856 |
| 942 ## - ELEMENTOS DE PUNTO DE ACCESO ADICIONAL (KOHA) |
| Fuente del sistema de clasificación o colocación |
Dewey Decimal Classification |
| Tipo de ítem Koha |
Libro |